Bilecik Bilecik Bilecik Bilecik Bilecik

Tiyatro ve bizler/ (Record no. 13262)

MARC details
000 -BAŞLIK
Sabit Uzunluktaki Kontrol Alanı 01078nam a22003137a 4500
001 - KONTROL NUMARASI
Control Dosyası 0013296
003 - KONTROL NUMARASI KİMLİĞİ
Kontrol Alanı KOHA_MİRAKIL
005 - EN SON İŞLEM TARİHİ ve ZAMANI
Kontrol Alanı 20260207001914.0
007 - FİZİKSEL TANIM SABİT ALAN - GENEL BİLGİ
Sabit uzunluklu kontrol alanı ta
008 - SABİT UZUNLUKTAKİ VERİ ÖGELERİ - GENEL BİLGİ
Sabit Alan 100215b1990 tu |||gr||||#||||1|tur |
040 ## - KATALOGLAMA KAYNAĞI
Özgün Kataloglama Kurumu TR-BiSEU
Kataloglama Dili tur
Çeviri Kurumu TR-BiSEU
Açıklama Kuralları rda
041 0# - DİL KODU
Metin ya da ses kaydının dil kodu tur
044 ## - YAYINLAYAN/ÜRETEN KURULUŞUN ÜLKE KODU
ISO country code tu
050 ## - SINIFLAMA ve YER NUMARASI
Sınıflama Numarası PN2037
Yer Numarası .S77 1990
100 1# - KİŞİ ADI
Yazar Adı (Kişi adı) Strowski, Fortunat.
245 1# - ESER ADI BİLDİRİMİ
Başlık Tiyatro ve bizler/
Sorumluluk Bildirimi Fortunat Strowski ; Fortunat Strowsky; çeviri Sabri Esat Siyavuşgil.
264 #1 - ÜRERİM, YAYIN, DAĞITIM ve TELİF BİLDİRİMİ
Yayın yeri İstanbul :
Yayınlayan Milli Eğitim
Yayın tarihi 1990
300 ## - FİZİKSEL TANIMLAMA
Sayfa, Cilt vb. 133 sayfa; 17 cm.
336 ## - İÇERİK TÜRÜ
Content type term metin
Content type code txt
Source rdacontent
337 ## - MEDYA TÜRÜ
Media type term aracısız
Media type code n
Source rdamedia
338 ## - TAŞIYICI TÜRÜ
Carrier type term cilt
Carrier type code nc
Source rdacarrier
490 1# - DİZİ BİLDİRİMİ
Dizi Bildirimi Milli Eğitim Bakanlığı Yayınları ;
Cilt Numarası no:2136 ,Bilim ve Kültür Eserleri dizisi no ;
-- 447.
490 1# - DİZİ BİLDİRİMİ
Dizi Bildirimi Tiyatro Eseerleri no ;
Cilt Numarası 64
650 #0 - KONU BAŞLIĞI EK GİRİŞ - KONU TERİMİ
Konusal terim veya coğrafi ad Theater.
9 (RLIN) 31348
650 #0 - KONU BAŞLIĞI EK GİRİŞ - KONU TERİMİ
Konusal terim veya coğrafi ad tiyatro.
9 (RLIN) 31349
830 1# - SERİ EK GİRİŞİ - TEKBİÇİM ESER ADI
Tekbiçim Başlık Milli Eğitim Bakanlığı Yayınları ;
Volume number/sequential designation no:2136 ,Bilim ve Kültür Eserleri dizisi no ;
-- 447.
9 (RLIN) 17955
830 1# - SERİ EK GİRİŞİ - TEKBİÇİM ESER ADI
Tekbiçim Başlık Tiyatro Eseerleri no ;
Volume number/sequential designation 64
9 (RLIN) 31350
942 ## - EK GİRİŞ ÖGELERİ (KOHA)
Source of classification or shelving scheme Library of Congress Classification
Koha item type Book
Holdings
Materyal Türü Kalıcı Konum Mevcut Konum Raf Yeri Sınıflandırma Kaynağı Edinim Bilgisi Ana Konular Alt Konular Yer Numarası Demirbaş Numarası Fatura Tarihi Geri Çekilme Durumu Kayıp Durumu Hasarlı Durumu Kredi için değil Kayıt Tarih Toplam Ödünçverme Son Görülme Tarihi Son Kontrol Tarihi Genel / Bağış Notu
Book Prof. Dr. Azmi Özcan Kütüphanesi Prof. Dr. Azmi Özcan Kütüphanesi Birûni Salonu Library of Congress Classification Bağış DİL VE EDEBİYAT Edebiyat (Genel) PN2037 .S77 1990 0013296 02/02/2026         15/02/2010 1 05/12/2024 05/12/2024 Genel Bağış